<?xml version="1.0" encoding="UTF-8"?>
<record
    xmlns:xsi="http://www.w3.org/2001/XMLSchema-instance"
    xsi:schemaLocation="http://www.loc.gov/MARC21/slim http://www.loc.gov/standards/marcxml/schema/MARC21slim.xsd"
    xmlns="http://www.loc.gov/MARC21/slim">

  <leader>01315nam a22001937a 4500</leader>
  <controlfield tag="008">150811b        xxu||||| |||| 00| 0 eng d</controlfield>
  <datafield tag="020" ind1=" " ind2=" ">
    <subfield code="a">8496540200</subfield>
  </datafield>
  <datafield tag="082" ind1=" " ind2=" ">
    <subfield code="a">708</subfield>
    <subfield code="b">B912q</subfield>
  </datafield>
  <datafield tag="100" ind1=" " ind2=" ">
    <subfield code="a">Brus, G&#xFC;nter</subfield>
    <subfield code="9">3255</subfield>
  </datafield>
  <datafield tag="245" ind1=" " ind2=" ">
    <subfield code="a">Quietud nerviosa en el horizonte</subfield>
  </datafield>
  <datafield tag="260" ind1=" " ind2=" ">
    <subfield code="a">Barcelona : </subfield>
    <subfield code="b">Museu d&#xB4;Art Contemporani de Barcelona</subfield>
    <subfield code="c">c2005</subfield>
  </datafield>
  <datafield tag="300" ind1=" " ind2=" ">
    <subfield code="a">304 p&#xE1;gs.</subfield>
    <subfield code="b">1ll. (some col.), </subfield>
    <subfield code="c">21 cm.</subfield>
  </datafield>
  <datafield tag="500" ind1=" " ind2=" ">
    <subfield code="a">Este cat&#xE1;logo se publica en ocasi&#xF3;n de la exposici&#xF3;n G&#xFC;nter Brus. Quietud nerviosa en el horizonte, que se presenta en el Museu d&#xB4;Art Contemporani de Barcelona entre el 12 de octubre de 2005 y el 15 de enero de 2006.</subfield>
  </datafield>
  <datafield tag="505" ind1=" " ind2=" ">
    <subfield code="t">Exceso pict&#xF3;rico. De la pintura de acci&#xF3;n al body-art / Monika Faber </subfield>
    <subfield code="t">Blanco roto / John C. Welchman</subfield>
    <subfield code="t">G&#xFC;nther Brus : arte cisoria / Manuel Asensi</subfield>
    <subfield code="t">"No soy yo quien vive, sino mi artre" G&#xFC;nter Brus : del accionista al puntor-poeta/ Johanna Schwanberg</subfield>
    <subfield code="t">Como un torrente o pintura alrededor -- Autopintura = automutilaci&#xF3;n superada -- La locura total -- Investigaci&#xF3;n de la cosmovisi&#xF3;n -- Ocaso de las Qui,eras -- Instintos ebrios -- Tiempo de est&#xED;mulos -- Mantenerse en el marco de lo imposible</subfield>
  </datafield>
  <datafield tag="600" ind1=" " ind2=" ">
    <subfield code="a">Brus, G&#xFC;nter</subfield>
    <subfield code="v">Exhibiciones</subfield>
    <subfield code="9">3256</subfield>
  </datafield>
  <datafield tag="650" ind1=" " ind2=" ">
    <subfield code="a">Arte Moderno</subfield>
    <subfield code="v">Pintura</subfield>
    <subfield code="9">3257</subfield>
  </datafield>
  <datafield tag="650" ind1=" " ind2=" ">
    <subfield code="a">Arte Moderno</subfield>
    <subfield code="v">Fotograf&#xED;a</subfield>
    <subfield code="9">3258</subfield>
  </datafield>
  <datafield tag="650" ind1=" " ind2=" ">
    <subfield code="a">Arte Moderno</subfield>
    <subfield code="v">Dibujo</subfield>
    <subfield code="9">3259</subfield>
  </datafield>
  <datafield tag="999" ind1=" " ind2=" ">
    <subfield code="c">714</subfield>
    <subfield code="d">714</subfield>
  </datafield>
  <datafield tag="952" ind1=" " ind2=" ">
    <subfield code="0">0</subfield>
    <subfield code="1">0</subfield>
    <subfield code="2">ddc</subfield>
    <subfield code="4">0</subfield>
    <subfield code="7">0</subfield>
    <subfield code="a">LV</subfield>
    <subfield code="b">LV</subfield>
    <subfield code="c">Monograf&#xED;as</subfield>
    <subfield code="d">2015-08-11</subfield>
    <subfield code="l">0</subfield>
    <subfield code="o">708 B912q</subfield>
    <subfield code="p">000657</subfield>
    <subfield code="r">2015-08-11 00:00:00</subfield>
    <subfield code="w">2015-08-11</subfield>
    <subfield code="y">01</subfield>
  </datafield>
</record>
